| 000 | 00661nam a2200205 a 4500 | ||
|---|---|---|---|
| 003 | PILC | ||
| 005 | 20160205153705.0 | ||
| 008 | 110104s19uu xx 00 eng d | ||
| 020 | _a9780345503060 | ||
| 050 |
_aBF 575.A6 _b.R666 2009 |
||
| 100 | _aRoss, Jerilyn. | ||
| 245 |
_aOne less thing to worry about : _buncommon wisdom for coping with common anxieties / _cJerilyn Ross. |
||
| 260 |
_aNew York : _bBallentin Books, _c2009. |
||
| 300 |
_a254 pages ; _c22 cm. |
||
| 500 | _aIncludes bibliographical references and indexes. | ||
| 650 | _aAnxiety in women-Popular works. | ||
| 650 | _aAnxiety-Popular works. | ||
| 942 |
_cBK _2lcc _kFOR |
||
| 999 |
_c24278 _d24278 |
||